[Event "Summer Prague Open 2020 - A"]
 [Site "Olympik hotel, Sokolovska 138, Praha"]
 [Date "2020.08.14"]
 [Round "8"]
 [Board "9"]
 [White "Richter, Philipp"]
 [Black "Buchenau, Frank"]
 [Result "1/2-1/2"]
  [WhiteElo "2202"]
 [BlackElo "2318"]
 [PlyCount "143"]
 [EventDate "2020.08.08"]
 [EventRounds "9"]
 [EventCountry "CZE"]

 1. d4 e6 2. c4 Nf6 3. Nc3 Bb4 4. Qc2 c5 5. dxc5 O-O 6. a3 Bxc5 7. Bf4 b6 8. Nf3
 Bb7 9. Rd1 Nh5 10. Bc1 Nf6 11. b4 Be7 12. e4 Qc7 13. Be2 Nc6 14. O-O Rac8 15.
 h3 Rfd8 16. Be3 Qb8 17. Rd2 d6 18. Rc1 Nd7 19. Qb3 Nde5 20. Ne1 Ba8 21. f4 Nd7
 22. Nf3 Bf8 23. g4 h6 24. g5 hxg5 25. Nxg5 Nf6 26. Rcd1 Ne7 27. Qb1 Ng6 28. Kf2
 d5 29. e5 Nxe5 30. fxe5 Qxe5 31. Rd4 Qh2+ 32. Kf1 Bd6 33. Bf3 Be5 34. R1d2 Bxd4
 35. Rxh2 Bxe3 36. h4 Rxc4 37. Nd1 Bf4 38. Rc2 Rdc8 39. Rxc4 Rxc4 40. Kg2 e5 41.
 Qb3 e4 42. Be2 Rc7 43. Kf2 Be5 44. Ke1 Bb7 45. a4 g6 46. a5 Kg7 47. Kd2 Bc8 48.
 Ke1 Bd7 49. Kd2 b5 50. Ke1 Be8 51. Kf2 d4 52. h5 gxh5 53. Qh3 Bd7 54. Qg2 Bg4
 55. Bxg4 hxg4 56. Ke1 e3 57. Ne4 Nxe4 58. Qxg4+ Kf6 59. Qxe4 Ke6 60. Qg4+ Kd5
 61. Ke2 Rc2+ 62. Kf3 Rd2 63. Nxe3+ dxe3 64. Qe4+ Kd6 65. Qxe3 Rd4 66. Qh6+ Kd5
 67. Qa6 Rf4+ 68. Ke2 Rxb4 69. Qxa7 Rb2+ 70. Kd3 Rb3+ 71. Ke2 Rb2+ 72. Kd3
  1/2-1/2

[Event "Summer Prague Open 2020 - A"]
 [Site "Olympik hotel, Sokolovska 138, Praha"]
 [Date "2020.08.14"]
 [Round "8"]
 [Board "12"]
 [White "Marakovits, Nico"]
 [Black "Michalczak, Thomas"]
 [Result "1/2-1/2"]
  [WhiteElo "2105"]
 [BlackElo "2245"]
 [PlyCount "142"]
 [EventDate "2020.08.08"]
 [EventRounds "9"]
 [EventCountry "CZE"]

 1. d4 Nf6 2. c4 g6 3. Nc3 d5 4. Nf3 Bg7 5. Bg5 dxc4 6. e4 c5 7. d5 b5 8. Bxf6
 Bxf6 9. e5 Bg7 10. Nxb5 Qa5+ 11. Nc3 Nd7 12. Bxc4 Nxe5 13. Nxe5 Bxe5 14. Qa4+
 Qxa4 15. Nxa4 O-O 16. O-O Rb8 17. Nxc5 Bxb2 18. Rab1 Bf5 19. Bd3 Bxd3 20. Nxd3
 Ba3 21. Ne5 Rxb1 22. Rxb1 Rd8 23. Rb5 a6 24. Nc6 axb5 25. Nxd8 Kf8 26. Nc6 Bc5
 27. Kf1 Ke8 28. Ke2 f6 29. Kd3 Bxf2 30. Nd4 b4 31. Nc2 Bg1 32. h3 Kd7 33. Nxb4
 Kd6 34. Kc4 Bc5 35. Nd3 Be3 36. a4 Bd2 37. Nc5 Be3 38. Nd3 f5 39. a5 g5 40. a6
 f4 41. h4 f3 42. gxf3 gxh4 43. Nf4 Ba7 44. Nh3 Ke5 45. Kd3 Kxd5 46. Nf4+ Ke5
 47. Nh3 h6 48. Kc4 Kd6 49. Kd3 Ke5 50. Kc4 Be3 51. Kd3 Bb6 52. Kc4 Ba7 53. Kd3
 Kf5 54. Kc4 e6 55. Kc3 e5 56. Kd3 Bb6 57. Ke2 Bd4 58. Kd3 Ba7 59. Ke2 Ke6 60.
 Kd2 Kd5 61. Kd3 Bb6 62. Ke2 Kc4 63. Kd2 Ba7 64. Ke2 Bc5 65. Kd2 Kd5 66. Kd3 Bb6
 67. Ke2 Ke6 68. Kd2 Kf5 69. Kd3 Ba7 70. Ke2 e4 71. Nf2 exf3+  1/2-1/2

[Event "Summer Prague Open 2020 - A"]
 [Site "Olympik hotel, Sokolovska 138, Praha"]
 [Date "2020.08.14"]
 [Round "8"]
 [Board "17"]
 [White "Kulhanek, Tomas"]
 [Black "Mueer, Sebastian"]
 [Result "1/2-1/2"]
  [WhiteElo "2339"]
 [BlackElo "2210"]
 [PlyCount "115"]
 [EventDate "2020.08.08"]
 [EventRounds "9"]
 [EventCountry "CZE"]

 1. e4 c5 2. Nf3 d6 3. Bb5+ Bd7 4. Bxd7+ Qxd7 5. O-O Nf6 6. Re1 Nc6 7. c3 e6 8.
 d4 cxd4 9. cxd4 d5 10. e5 Ne4 11. Nbd2 Nxd2 12. Bxd2 Be7 13. Rc1 O-O 14. Rc3
 Rfc8 15. a3 Qd8 16. Rd3 b5 17. h4 Bxh4 18. Nh2 Bg5 19. Ng4 Bxd2 20. Qxd2 Ne7
 21. Rh3 Nf5 22. Ne3 Qg5 23. Qd3 a6 24. b3 Rc6 25. a4 b4 26. Nxf5 Qxf5 27. Qxf5
 exf5 28. Rhe3 f4 29. Rf3 g5 30. g3 Rc3 31. Rxc3 bxc3 32. gxf4 gxf4 33. Rc1 Rc8
 34. Kg2 c2 35. Kf3 Rc3+ 36. Kxf4 Rxb3 37. Rxc2 Rd3 38. Kf5 Rxd4 39. a5 Rc4 40.
 Rb2 Rc5 41. Rb6 Kg7 42. Rxa6 d4 43. Rd6 Rxa5 44. Rxd4 Ra6 45. f4 Ra1 46. Rd3
 Rg1 47. Rh3 Rg2 48. Rh4 Ra2 49. Rg4+ Kf8 50. Kg5 Ra6 51. f5 f6+ 52. exf6 Kf7
 53. Rh4 Ra1 54. Rxh7+ Kf8 55. f7 Ra6 56. f6 Ra5+ 57. Kg6 Rg5+ 58. Kxg5  1/2-1/2

[Event "Summer Prague Open 2020 - A"]
 [Site "Olympik hotel, Sokolovska 138, Praha"]
 [Date "2020.08.14"]
 [Round "8"]
 [Board "21"]
 [White "Wiley, Tom E"]
 [Black "Slampa, Jan"]
 [Result "0-1"]
  [WhiteElo "2150"]
 [BlackElo "2264"]
 [PlyCount "82"]
 [EventDate "2020.08.08"]
 [EventRounds "9"]
 [EventCountry "CZE"]

 1. d4 Nf6 2. c4 g6 3. Nc3 Bg7 4. e4 d6 5. Nf3 O-O 6. Be2 e5 7. d5 a5 8. Bg5 h6
 9. Bh4 Na6 10. Nd2 Bd7 11. Rb1 Qe8 12. b3 Nh7 13. O-O h5 14. f3 Bh6 15. a3 Be3+
 16. Bf2 Bxf2+ 17. Rxf2 h4 18. b4 axb4 19. axb4 Qe7 20. Qc1 Nf6 21. c5 dxc5 22.
 b5 Nb4 23. Nc4 Nh5 24. Bf1 Nf4 25. Qe3 b6 26. Rd2 Qg5 27. Kh1 Ra7 28. Rbd1 Rb8
 29. d6 cxd6 30. Rxd6 Nc2 31. Qc1 Nd4 32. Rxb6 Rba8 33. Ne3 h3 34. g3 Nxf3 35.
 Ra6 Nh5 36. Bc4 Rxa6 37. bxa6 Qxg3 38. Qb2 Qg5 39. Qf2 Bg4 40. Nxg4 Qxg4 41.
 Rf1 Nf4  0-1

[Event "Summer Prague Open 2020 - A"]
 [Site "Olympik hotel, Sokolovska 138, Praha"]
 [Date "2020.08.14"]
 [Round "8"]
 [Board "22"]
 [White "Dietz, Florian"]
 [Black "Jun, Rudolf"]
 [Result "1/2-1/2"]
  [WhiteElo "2262"]
 [BlackElo "2094"]
 [PlyCount "88"]
 [EventDate "2020.08.08"]
 [EventRounds "9"]
 [EventCountry "CZE"]

 1. e4 e6 2. d4 d5 3. Nd2 Nf6 4. e5 Nfd7 5. Bd3 c5 6. c3 Nc6 7. Ne2 cxd4 8. cxd4
 f6 9. exf6 Nxf6 10. Nf3 Bd6 11. O-O Qc7 12. Nc3 a6 13. Bg5 O-O 14. Rc1 Ng4 15.
 h3 Nh2 16. Nxh2 Bxh2+ 17. Kh1 Bf4 18. Bxf4 Qxf4 19. Ne2 Qf6 20. f4 Kh8 21. Bb1
 Bd7 22. Qd3 g6 23. Qe3 Rac8 24. Rc5 b6 25. Rcc1 Kg7 26. Rfd1 Na5 27. Bd3 Bb5
 28. Bxb5 axb5 29. b3 Nc6 30. Qd3 Na7 31. a4 Qe7 32. axb5 Qd7 33. Nc3 Rxf4 34.
 Qe3 Qd6 35. Ra1 Rc7 36. Re1 Rff7 37. Kg1 Kg8 38. Na4 Nxb5 39. Qxe6 Qxe6 40.
 Rxe6 Nxd4 41. Re8+ Kg7 42. Nxb6 Nxb3 43. Rb1 Nd2 44. Rd1 Nc4  1/2-1/2

[Event "Summer Prague Open 2020 - A"]
 [Site "Olympik hotel, Sokolovska 138, Praha"]
 [Date "2020.08.14"]
 [Round "8"]
 [Board "23"]
 [White "Kusa, Jakub"]
 [Black "Malassagne, Isabelle"]
 [Result "1/2-1/2"]
  [WhiteElo "2239"]
 [BlackElo "2017"]
 [PlyCount "95"]
 [EventDate "2020.08.08"]
 [EventRounds "9"]
 [EventCountry "CZE"]

 1. e4 e5 2. Nf3 Nc6 3. d4 exd4 4. Nxd4 Nf6 5. Nxc6 bxc6 6. Qe2 Bb4+ 7. c3 Bc5
 8. e5 Nd5 9. c4 Nb6 10. Be3 Qe7 11. f4 O-O 12. Nd2 f6 13. Bxc5 Qxc5 14. O-O-O
 fxe5 15. Qxe5 Qxe5 16. fxe5 d5 17. exd6 cxd6 18. Be2 Be6 19. Bf3 Nxc4 20. Nxc4
 Bxc4 21. b3 Bd5 22. Rxd5 Rxf3 23. Rxd6 Rf2 24. Rd2 Rxd2 25. Kxd2 Kf7 26. Re1
 Rd8+ 27. Kc3 Rd5 28. Re4 Ra5 29. a4 Rh5 30. h3 Rg5 31. g4 h5 32. Kc4 hxg4 33.
 hxg4 Rd5 34. b4 a6 35. Rd4 Rg5 36. Re4 Rd5 37. Kc3 Rg5 38. Rc4 Rg6 39. Rf4+ Ke7
 40. Kc4 Rg5 41. a5 Kd6 42. Rd4+ Kc7 43. Re4 Kd6 44. Rf4 Ke6 45. Rd4 Ke7 46. Rf4
 Ke6 47. Re4+ Kd6 48. Rd4+  1/2-1/2

[Event "Summer Prague Open 2020 - A"]
 [Site "Olympik hotel, Sokolovska 138, Praha"]
 [Date "2020.08.14"]
 [Round "8"]
 [Board "24"]
 [White "Daeschler, Florian"]
 [Black "Gorkiewicz, Mateusz"]
 [Result "1/2-1/2"]
  [WhiteElo "2322"]
 [BlackElo "1895"]
 [PlyCount "73"]
 [EventDate "2020.08.08"]
 [EventRounds "9"]
 [EventCountry "CZE"]

 1. d4 d5 2. c4 e6 3. Nf3 Nf6 4. g3 Be7 5. Bg2 O-O 6. O-O dxc4 7. Qc2 a6 8. a4
 Bd7 9. Qxc4 Bc6 10. Bf4 Nbd7 11. Nc3 Nb6 12. Qd3 Nbd5 13. Bg5 Nxc3 14. bxc3 Be4
 15. Qe3 Bd5 16. Bxf6 Bxf6 17. Qd3 c5 18. e4 Bc6 19. Rfd1 cxd4 20. cxd4 Qa5 21.
 Nd2 b5 22. Rdc1 Bb7 23. Nb3 Qb6 24. axb5 axb5 25. Rxa8 Bxa8 26. Rc5 b4 27. h4
 Rd8 28. e5 Be7 29. Rc2 h6 30. Bxa8 Rxa8 31. d5 exd5 32. Qxd5 Rd8 33. Qf3 Qb5
 34. Re2 Rd1+ 35. Kh2 Qd5 36. Qxd5 Rxd5 37. Re3  1/2-1/2

[Event "Summer Prague Open 2020 - A"]
 [Site "Olympik hotel, Sokolovska 138, Praha"]
 [Date "2020.08.14"]
 [Round "8"]
 [Board "25"]
 [White "Deuer, Marius"]
 [Black "Biastoch, Bennet"]
 [Result "1/2-1/2"]
  [WhiteElo "2136"]
 [BlackElo "2315"]
 [PlyCount "81"]
 [EventDate "2020.08.08"]
 [EventRounds "9"]
 [EventCountry "CZE"]

 1. d4 d5 2. c4 c6 3. Nc3 Nf6 4. e3 e6 5. Nf3 Nbd7 6. Qc2 Bd6 7. b3 O-O 8. Be2
 b6 9. O-O Bb7 10. Bb2 Qe7 11. e4 Nxe4 12. Nxe4 dxe4 13. Qxe4 f5 14. Qc2 c5 15.
 Rad1 cxd4 16. Bxd4 e5 17. Ba1 e4 18. Qd2 exf3 19. Bxf3 Bxf3 20. gxf3 Bxh2+ 21.
 Kxh2 Nf6 22. Qd6 Qe8 23. Rfe1 Qh5+ 24. Kg2 Qg6+ 25. Qg3 Qf7 26. Qd6 Qg6+ 27.
 Qg3 Qf7 28. Qd6 Rae8 29. Bxf6 Rxe1 30. Rxe1 Qxf6 31. Qxf6 Rxf6 32. Re7 a5 33.
 Re5 g6 34. Re7 Rd6 35. Rb7 Rd2 36. a4 Rd6 37. Kg3 g5 38. c5 bxc5 39. Rb5 Rc6
 40. Rxa5 Kg7 41. Rb5  1/2-1/2

[Event "Summer Prague Open 2020 - A"]
 [Site "Olympik hotel, Sokolovska 138, Praha"]
 [Date "2020.08.14"]
 [Round "8"]
 [Board "26"]
 [White "Stinka, Jakub"]
 [Black "Bullen, Alex"]
 [Result "1-0"]
  [WhiteElo "2299"]
 [BlackElo "2116"]
 [PlyCount "159"]
 [EventDate "2020.08.08"]
 [EventRounds "9"]
 [EventCountry "CZE"]

 1. d4 d5 2. c4 e6 3. Nc3 Nf6 4. cxd5 exd5 5. Bg5 c6 6. e3 Bf5 7. Qf3 Bg6 8.
 Bxf6 Qxf6 9. Qxf6 gxf6 10. Nf3 Nd7 11. Nh4 Be7 12. g3 Nb6 13. O-O-O Nc8 14. Bd3
 Nd6 15. f3 Bxd3 16. Rxd3 f5 17. Ng2 O-O-O 18. b3 Rde8 19. Kd1 h5 20. h4 Reg8
 21. Ne2 Ne8 22. Ke1 Nf6 23. Kf2 Bd6 24. Ngf4 Rg7 25. Rc3 Rhg8 26. Rg1 Kb8 27.
 Nd3 Nd7 28. Nef4 Bxf4 29. Nxf4 Nf6 30. b4 a6 31. a4 Rc8 32. b5 axb5 33. axb5
 cxb5 34. Rxc8+ Kxc8 35. Rb1 Kc7 36. Rxb5 Kc6 37. Rc5+ Kd6 38. Rc8 Rh7 39. Nd3
 Nd7 40. Nb4 f6 41. Nd3 Nb6 42. Rf8 Nd7 43. Re8 Nb6 44. Nf4 Rh6 45. Re6+ Kc7 46.
 Ke2 Rh8 47. Rxf6 Ra8 48. Rf7+ Kc6 49. Rxf5 Ra2+ 50. Kd3 Ra3+ 51. Kc2 Nc4 52.
 Rf6+ Kb5 53. Nxd5 Nxe3+ 54. Nxe3 Rxe3 55. Kd2 Ra3 56. d5 Kc4 57. d6 Ra2+ 58.
 Ke3 Ra3+ 59. Ke4 Rd3 60. Rf7 Rxd6 61. Rc7+ Kb5 62. Rxb7+ Kc6 63. Rh7 Rg6 64.
 Kf4 Rf6+ 65. Ke3 Re6+ 66. Kf2 Re5 67. Rg7 Re6 68. g4 hxg4 69. fxg4 Rf6+ 70. Kg3
 Kd6 71. h5 Ke6 72. Kh4 Rf1 73. Kg5 Ra1 74. h6 Ra5+ 75. Kg6 Ra4 76. g5 Ke5 77.
 h7 Ra6+ 78. Kh5 Ra1 79. Rg8 Kf5 80. Rf8+  1-0

[Event "Summer Prague Open 2020 - A"]
 [Site "Olympik hotel, Sokolovska 138, Praha"]
 [Date "2020.08.14"]
 [Round "8"]
 [Board "27"]
 [White "Pasti, Aron"]
 [Black "Toman, Jan"]
 [Result "1-0"]
  [WhiteElo "2294"]
 [BlackElo "2085"]
 [PlyCount "63"]
 [EventDate "2020.08.08"]
 [EventRounds "9"]
 [EventCountry "CZE"]

 1. e4 e6 2. d4 d5 3. Nc3 Bb4 4. e5 c5 5. Bd2 Ne7 6. a3 Bxc3 7. Bxc3 Nbc6 8. f4
 cxd4 9. Bd2 Qb6 10. b4 Nf5 11. Bd3 Bd7 12. Nf3 Rc8 13. Qe2 Ne3 14. Rc1 Nc4 15.
 O-O Nxa3 16. Ng5 Nc4 17. Qh5 g6 18. Qh6 Nxd2 19. Qg7 Rf8 20. Nxh7 Qxb4 21. Rfd1
 Ne4 22. Rb1 Qe7 23. Bxe4 dxe4 24. Rxb7 Nb8 25. Nf6+ Kd8 26. Rxd4 Re8 27. Kf1 a5
 28. Qh6 e3 29. Qg5 e2+ 30. Ke1 Rxc2 31. Rxb8+ Kc7 32. Nxe8+  1-0

[Event "Summer Prague Open 2020 - A"]
 [Site "Olympik hotel, Sokolovska 138, Praha"]
 [Date "2020.08.14"]
 [Round "8"]
 [Board "28"]
 [White "Kozak, Milos"]
 [Black "Froeyman, Helmut"]
 [Result "1/2-1/2"]
  [WhiteElo "2135"]
 [BlackElo "2281"]
 [PlyCount "24"]
 [EventDate "2020.08.08"]
 [EventRounds "9"]
 [EventCountry "CZE"]

 1. Nf3 f5 2. g3 Nf6 3. Bg2 g6 4. O-O Bg7 5. d4 O-O 6. c4 d6 7. Nc3 c6 8. b3 Qc7
 9. Ba3 Na6 10. Rc1 Bd7 11. b4 Rad8 12. b5 Nb8  1/2-1/2

[Event "Summer Prague Open 2020 - A"]
 [Site "Olympik hotel, Sokolovska 138, Praha"]
 [Date "2020.08.14"]
 [Round "8"]
 [Board "29"]
 [White "Cap, Adam"]
 [Black "Narr, Kevin"]
 [Result "1-0"]
  [WhiteElo "2278"]
 [BlackElo "2110"]
 [PlyCount "93"]
 [EventDate "2020.08.08"]
 [EventRounds "9"]
 [EventCountry "CZE"]

 1. e4 c5 2. Nf3 a6 3. c4 e6 4. Nc3 Qc7 5. d4 cxd4 6. Nxd4 Nf6 7. Be2 b6 8. O-O
 Bb7 9. Qd3 d6 10. f3 Nbd7 11. b3 Be7 12. Bb2 O-O 13. Rac1 Rac8 14. Kh1 Qb8 15.
 Qe3 Qa8 16. Bd3 Rfe8 17. Bb1 Bd8 18. Rce1 Nf8 19. Nde2 Ng6 20. Nf4 Bc6 21. a4
 Bc7 22. Nce2 Nxf4 23. Nxf4 e5 24. Nd5 Nxd5 25. exd5 Bd7 26. f4 f6 27. Qd3 g6
 28. Qg3 Re7 29. h4 Rg7 30. fxe5 fxe5 31. Bc1 Rf8 32. Bh6 Qe8 33. Bxg7 Kxg7 34.
 h5 Rxf1+ 35. Rxf1 b5 36. axb5 axb5 37. Be4 Bb6 38. Qg5 Bd8 39. Qe3 Qe7 40. Qg3
 Qe8 41. Qf2 bxc4 42. bxc4 Bg4 43. Qa7+ Bd7 44. c5 dxc5 45. d6 g5 46. Bf5 Qxh5+
 47. Bh3  1-0

[Event "Summer Prague Open 2020 - A"]
 [Site "Olympik hotel, Sokolovska 138, Praha"]
 [Date "2020.08.14"]
 [Round "8"]
 [Board "30"]
 [White "Skalsky, Alexandr"]
 [Black "Mitrandzas, Athanasios"]
 [Result "1-0"]
  [WhiteElo "2236"]
 [BlackElo "2076"]
 [PlyCount "55"]
 [EventDate "2020.08.08"]
 [EventRounds "9"]
 [EventCountry "CZE"]

 1. e4 c5 2. Nf3 e6 3. d4 cxd4 4. Nxd4 Nf6 5. Nc3 d6 6. g4 h6 7. h4 Be7 8. Qf3
 Nc6 9. Nxc6 bxc6 10. g5 Nd7 11. gxh6 gxh6 12. Bf4 Qb6 13. O-O-O Rb8 14. b3 e5
 15. Bd2 Nf6 16. Rg1 Be6 17. Bh3 Bxh3 18. Qxh3 Qb4 19. Qf3 a5 20. Kb2 a4 21. Nd5
 a3+ 22. Kc1 Nxd5 23. Bxb4 Nxb4 24. Kb1 c5 25. c3 Nc6 26. Kc2 c4 27. b4 Rf8 28.
 Qh5  1-0

[Event "Summer Prague Open 2020 - B"]
 [Site "Olympik hotel, Sokolovska 138,"]
 [Date "2020.08.14"]
 [Round "8"]
 [White "Leitgeb, Julian"]
 [Black "Svetly, Jiri"]
 [Result "1/2-1/2"]
  [WhiteElo "1470"]
 [BlackElo "1835"]
 [PlyCount "79"]
 [EventDate "2020.08.08"]

 1. e4 d6 2. d4 Nf6 3. Nc3 g6 4. f4 Bg7 5. Nf3 O-O 6. e5 Nfd7 7. Bc4 Nb6 8. Bb3
 d5 9. Be3 Nc6 10. a4 Na5 11. Ba2 Nbc4 12. Bxc4 Nxc4 13. Bc1 c6 14. O-O Qa5 15.
 Ne2 Qc7 16. b3 Na5 17. Ba3 b6 18. Ne1 Ba6 19. Nd3 Nb7 20. Qd2 Rad8 21. Rf3 c5
 22. c3 c4 23. Nb4 Na5 24. Nxa6 Qb7 25. Rb1 Rfe8 26. Nb4 Nxb3 27. Qb2 a5 28. Na2
 b5 29. axb5 Qxb5 30. Nec1 a4 31. Nb4 Qd7 32. Ne2 Ra8 33. Rbf1 f5 34. Kh1 Kf7
 35. Ng1 e6 36. Nh3 h6 37. Rg3 Reb8 38. Ng1 Bf8 39. Ne2 Be7 40. Rgf3 1/2-1/2

[Event "Summer Prague Open 2020 - B"]
 [Site "Olympik hotel, Sokolovska 138,"]
 [Date "2020.08.14"]
 [Round "8"]
 [White "Svanda, Adam"]
 [Black "Vargas Drechsler, Carlos"]
 [Result "1/2-1/2"]
  [WhiteElo "1852"]
 [BlackElo "1829"]
 [PlyCount "48"]
 [EventDate "2020.08.08"]

 1. c4 e6 2. Nf3 d5 3. e3 Nf6 4. b3 c5 5. Bb2 Nc6 6. cxd5 exd5 7. d3 d4 8. e4
 Bd6 9. Nbd2 Be6 10. g3 O-O 11. Bg2 Nb4 12. Qb1 Nd7 13. O-O Qb6 14. Ng5 Ne5 15.
 Nxe6 fxe6 16. Nc4 Nxc4 17. dxc4 e5 18. a3 Nc6 19. Qd1 Na5 20. Rb1 Qxb3 21. Qxb3
 Nxb3 22. Bc3 dxc3 23. Rxb3 c2 24. Rc1 b6 1/2-1/2

[Event "Summer Prague Open 2020 - B"]
 [Site "Olympik hotel, Sokolovska 138,"]
 [Date "2020.08.14"]
 [Round "8"]
 [White "Ollivier, Clemence"]
 [Black "Kievelitz, Bernd"]
 [Result "1/2-1/2"]
  [WhiteElo "1684"]
 [BlackElo "1848"]
 [PlyCount "68"]
 [EventDate "2020.08.08"]

 1. d4 Nf6 2. Bf4 b6 3. Nc3 Bb7 4. f3 d6 5. e4 Nbd7 6. Bb5 a6 7. Ba4 b5 8. Bb3
 e5 9. Bg5 exd4 10. Nd5 c6 11. Nxf6+ Nxf6 12. Ne2 c5 13. a4 Be7 14. O-O h6 15.
 Bh4 Nd7 16. Bxe7 Qxe7 17. axb5 axb5 18. Rxa8+ Bxa8 19. Qd2 O-O 20. Ra1 Ne5 21.
 Ng3 c4 22. Ba2 Qf6 23. Nf5 d3 24. cxd3 Nxd3 25. Bb1 d5 26. Bxd3 cxd3 27. Qxd3
 dxe4 28. fxe4 Qxb2 29. Rb1 Qe5 30. Rxb5 Qxe4 31. Qxe4 Bxe4 32. Ne7+ Kh7 33. Re5
 Bg6 34. Nxg6 fxg6 1/2-1/2

[Event "Summer Prague Open 2020 - B"]
 [Site "Olympik hotel, Sokolovska 138,"]
 [Date "2020.08.14"]
 [Round "8"]
 [White "Klimek, Petr"]
 [Black "Krupansky, Jaromir"]
 [Result "1-0"]
  [WhiteElo "1833"]
 [BlackElo "1661"]
 [PlyCount "161"]
 [EventDate "2020.08.08"]

 1. e4 c5 2. d4 cxd4 3. c3 d5 4. exd5 Qxd5 5. cxd4 e5 6. Nf3 exd4 7. Qxd4 Qxd4
 8. Nxd4 Bb4+ 9. Bd2 Bxd2+ 10. Nxd2 Nf6 11. Nb5 Na6 12. Bc4 O-O 13. Nd6 Nb4 14.
 O-O-O Be6 15. Kb1 Bxc4 16. N2xc4 Rab8 17. Rhe1 b5 18. Ne5 Nbd5 19. Rd4 Nf4 20.
 g3 Ng6 21. Nc6 Rb6 22. Nxa7 b4 23. Nc4 Ra6 24. Nb5 b3 25. a3 h6 26. Rd3 Rc6 27.
 Nd2 Rc2 28. f3 Rc5 29. Rxb3 Rd8 30. Re2 Ne5 31. Nc3 Nc6 32. Nce4 Nxe4 33. Nxe4
 Rd1+ 34. Ka2 Rcc1 35. Rc3 Ra1+ 36. Kb3 Nd4+ 37. Kc4 Nxe2 38. Rc2 Rdc1 39. Rxc1
 Rxc1+ 40. Kb5 Nd4+ 41. Ka5 f5 42. Nd6 Nb3+ 43. Kb4 Nd4 44. a4 Rb1 45. Kc4 Nxf3
 46. b4 Rc1+ 47. Kb5 Nd4+ 48. Ka5 Rc6 49. Nb7 g5 50. b5 Re6 51. Nc5 Rf6 52. b6
 f4 53. gxf4 gxf4 54. Ne4 Re6 55. b7 Nc6+ 56. Kb6 f3 57. Nc5 Rg6 58. Ne4 Nb8+
 59. Kc7 Na6+ 60. Kc8 Rc6+ 61. Kd8 Nb8 62. a5 Kf7 63. h4 Ke6 64. Nf2 Kd5 65. Nd3
 Ke4 66. Nb4 Rc3 67. a6 Nxa6 68. Nxa6 Rb3 69. Nc5+ Ke3 70. Nxb3 f2 71. b8=Q f1=Q
 72. Qe5+ Kf2 73. Qf4+ Kg2 74. Qxf1+ Kxf1 75. Nd4 Kg2 76. Nf5 Kh3 77. Ke7 Kg4
 78. Kf6 Kf4 79. h5 Kg4 80. Kg6 Kf4 81. Nxh6 1-0

[Event "Summer Prague Open 2020 - B"]
 [Site "Olympik hotel, Sokolovska 138,"]
 [Date "2020.08.14"]
 [Round "8"]
 [White "Hochscheidt, Lukas"]
 [Black "Spanton, Tim R"]
 [Result "0-1"]
  [WhiteElo "1754"]
 [BlackElo "1831"]
 [PlyCount "116"]
 [EventDate "2020.08.08"]

 1. d4 d5 2. Bg5 Nf6 3. Nc3 Nbd7 4. f3 h6 5. Bh4 e6 6. e4 Be7 7. Nh3 Nxe4 8.
 Bxe7 Nxc3 9. Bxd8 Nxd1 10. Bxc7 Nxb2 11. a4 Nb6 12. Kd2 N2xa4 13. Bb5+ Bd7 14.
 Rhb1 Bxb5 15. Rxb5 Kd7 16. Bxb6 Nxb6 17. Kd3 Rhc8 18. Rba5 a6 19. Nf4 g6 20.
 Ne2 Rc6 21. Nc1 Rac8 22. R1a2 Rc3+ 23. Kd2 Nc4+ 24. Kxc3 Nxa5+ 25. Kd3 b6 26.
 Ne2 Kc7 27. Nc3 Nc6 28. Rb2 b5 29. Rb1 Ra8 30. f4 h5 31. h3 Rb8 32. g3 Rb6 33.
 g4 hxg4 34. hxg4 Rb8 35. Rh1 Kb6 36. Rh7 Rb7 37. f5 gxf5 38. gxf5 Rc7 39. Rh6
 Nb4+ 40. Kd2 Rc6 41. Rh8 Ka5 42. Rf8 Nxc2 43. Kxc2 b4 44. Rxf7 Rxc3+ 45. Kb2
 exf5 46. Rxf5 Ka4 47. Rxd5 Rc4 48. Rd8 b3 49. d5 Rc2+ 50. Kb1 a5 51. d6 Rd2 52.
 d7 Ka3 53. Kc1 Rd5 54. Ra8 b2+ 55. Kc2 Rc5+ 56. Kd2 b1=Q 57. d8=Q Qa2+ 58. Ke3
 Qe6+ 0-1

[Event "Summer Prague Open 2020 - B"]
 [Site "Olympik hotel, Sokolovska 138,"]
 [Date "2020.08.14"]
 [Round "8"]
 [White "Herter, Arne"]
 [Black "Arnold, Frieda"]
 [Result "1-0"]
  [WhiteElo "1613"]
 [BlackElo "1789"]
 [PlyCount "45"]
 [EventDate "2020.08.08"]

 1. e4 c5 2. Nc3 Nc6 3. Nge2 e5 4. Nd5 Nf6 5. Nec3 a6 6. a4 Nb4 7. Bc4 Rb8 8. a5
 Nc6 9. d3 Nxd5 10. Bxd5 Be7 11. O-O O-O 12. f4 exf4 13. Bxf4 d6 14. Qh5 Bf6 15.
 g4 g6 16. Qh3 h5 17. Qg3 hxg4 18. Bxd6 Bh4 19. Qf4 Bg5 20. Bxf7+ Kg7 21. Bxf8+
 Kxf8 22. Qg3 Kg7 23. Bd5 1-0

[Event "Summer Prague Open 2020 - B"]
 [Site "Olympik hotel, Sokolovska 138,"]
 [Date "2020.08.14"]
 [Round "8"]
 [White "von Lossow, Marcus"]
 [Black "Bauer, Jan"]
 [Result "1-0"]
  [WhiteElo "1685"]
 [BlackElo "1924"]
 [Annotator "Stanice"]
 [PlyCount "127"]
 [EventDate "2020.08.08"]

 1. e4 e5 2. Nf3 d5 3. exd5 e4 4. Ne5 Qxd5 5. d4 exd3 6. Nxd3 Bf5 7. Nc3 Qa5 8.
 Bf4 Nf6 9. Qe2+ Be7 10. O-O-O Nc6 11. Ne5 Be6 12. Qb5 Qb6 13. Qxb6 cxb6 14. Bb5
 Rc8 15. Nxc6 bxc6 16. Ba6 Rd8 17. Rxd8+ Bxd8 18. Bb7 O-O $11 19. Bd6 Re8 20.
 Bxc6 Bd7 21. Bxd7 Nxd7 22. Kd1 Bf6 23. Re1 Rd8 24. Be7 Bxe7 25. Rxe7 Kf8 26.
 Re2 Ne5+ 27. Rd2 Rxd2+ 28. Kxd2 Ke7 29. Nb5 Nc6 30. Kc3 Kd7 31. Nd4 Ne5 32. h3
 Ng6 33. g3 Ne5 34. Kb4 a6 35. a4 g6 36. a5 bxa5+ 37. Kxa5 Nc4+ 38. Kxa6 Nxb2
 39. Kb5 Nd1 40. f3 Nc3+ 41. Kc4 Nd1 42. Kd5 f6 43. c4 Ne3+ 44. Kc5 h5 45. Ne2
 g5 46. Kd4 Nf5+ 47. Ke4 Nd6+ 48. Kd5 Nf5 49. c5 Ne7+ 50. Kc4 Ke6 51. Kb5 Ke5
 52. Kb6 f5 53. c6 g4 54. hxg4 hxg4 55. fxg4 fxg4 56. Nf4 Kd6 57. c7 Kd7 58. Kb7
 Nc8 59. Nd5 Nd6+ 60. Kb8 Ke6 61. Ne3 Ke5 62. Nxg4+ Kf5 63. Nf2 Ke6 64. c8=Q+
 1-0

[Event "Summer Prague Open 2020 - B"]
 [Site "Olympik hotel, Sokolovska 138,"]
 [Date "2020.08.14"]
 [Round "8"]
 [White "Arnold, Lorin"]
 [Black "Guggenheim, Hans"]
 [Result "0-1"]
  [WhiteElo "1680"]
 [BlackElo "1901"]
 [PlyCount "30"]
 [EventDate "2020.08.08"]

 1. Nf3 c5 2. g3 g6 3. Bg2 Bg7 4. O-O Nc6 5. c3 e5 6. e4 Nge7 7. d3 d5 8. exd5
 Nxd5 9. Qb3 Nb6 10. Bg5 Qc7 11. d4 Be6 12. Qb5 Bc4 13. Qxc5 Bf8 14. Qxc6+ bxc6
 15. Nxe5 Bd5 0-1

[Event "Summer Prague Open 2020 - B"]
 [Site "Olympik hotel, Sokolovska 138,"]
 [Date "2020.08.14"]
 [Round "8"]
 [White "Jankovsky, Zbynek"]
 [Black "Kalvach, Ladislav"]
 [Result "0-1"]
  [WhiteElo "1579"]
 [BlackElo "1761"]
 [PlyCount "68"]
 [EventDate "2020.08.08"]

 1. d4 c5 2. d5 f5 3. c4 Nf6 4. Nc3 d6 5. f4 e5 6. fxe5 dxe5 7. Bg5 a6 8. Qc2 h6
 9. Bxf6 Qxf6 10. e4 f4 11. O-O-O Bd6 12. h3 Nd7 13. Be2 Rb8 14. Bg4 O-O 15. Nf3
 b5 16. cxb5 axb5 17. a4 bxa4 18. Nxa4 Nb6 19. Bxc8 Rfxc8 20. Kd2 Nxa4 21. Qxa4
 Rxb2+ 22. Ke1 c4 23. Kf1 c3 24. Rc1 Qg6 25. Ne1 Bc5 26. Rc2 Qg3 27. Qa6 Rcb8
 28. Qe2 Rxc2 29. Nxc2 Rb1+ 30. Ne1 c2 31. d6 Rxe1+ 32. Qxe1 Qxe1+ 33. Kxe1
 c1=Q+ 34. Ke2 Qxh1 0-1

[Event "Summer Prague Open 2020 - A"]
 [Site "Olympik hotel, Sokolovska 138,"]
 [Date "2020.08.15"]
 [Round "9"]
 [White "Petr, Martin"]
 [Black "Cernousek, Lukas"]
 [Result "1-0"]
  [WhiteElo "2464"]
 [BlackElo "2463"]
 [Annotator "micha"]
 [PlyCount "75"]
 [EventDate "2020.08.08"]
 [WhiteClock "0:00:34"]
 [BlackClock "0:07:56"]

 1. e4 d6 2. d4 Nf6 3. Nc3 g6 4. Be3 c6 5. a4 Bg7 6. h3 O-O 7. Nf3 Qc7 8. Qd2
 Nbd7 9. Be2 b6 10. O-O a6 11. Rfe1 e5 12. dxe5 dxe5 13. Red1 Bb7 14. Qd6 Rfc8
 15. Qxc7 Rxc7 16. Nd2 b5 17. f3 Nh5 18. Nb3 Nf4 19. Bf1 Ne6 20. axb5 axb5 21.
 Rxa8+ Bxa8 22. Ra1 Rc8 23. Ra7 Rd8 24. Na2 Bf8 25. c3 Bd6 26. h4 Kf8 27. g3 Ke8
 28. Na5 Nc7 29. Nb4 Bxb4 30. cxb4 Ne6 31. Bh3 Rb8 32. Bxe6 fxe6 33. Bc5 h5 34.
 Kf2 Rc8 35. Ke3 Kd8 36. f4 Ke8 37. fxe5 Nxe5 38. Kf4 1-0